Country Jumper #2 - Statistics

General Stats
  • This quiz has been taken 22 times
  • The average score is 19 of 25
Answer Stats
Hint
Country % Correct
Biggest country in the world Russia
100%
Most populated country to support Hinduism India
95%
Country to own Northern Cyprus Turkey
95%
Jewish country to only border non-Jewish countries in Asia with one border with Egypt Israel
90%
Country that has the same capital as Yugoslavia Serbia
90%
Youngest country in the world South Sudan
90%
Biggest country in Africa Algeria
85%
European double landlocked country Liechtenstein
85%
Country that claims to own Western Sahara Morocco
85%
Country that explains its location in Africa in its name Central African Republic
80%
Country to have “Equator” in its name yet it is not touching the equator at all, as well as its capital being on an island Equatorial Guinea
80%
The only country that Gambia borders Senegal
80%
Country to border Republic of the Congo, and Democratic Republic of the Congo but it is not connected to its mainland Angola
75%
Biggest country in the world to start with “L” Libya
75%
Country with the most “j”’s in their capital name Slovenia
75%
Smallest country in The Horn of Africa Djibouti
70%
2nd biggest country to touch Lake Victoria Kenya
70%
Country to have the closest capital to the capital of Democratic Republic of the Congo Republic of the Congo
70%
Country to apparently border Bahrain by Passport Island Saudi Arabia
70%
2nd last country in alphabetical order Zambia
70%
Country that has a lake named after it Chad
65%
Country to have the longest capital starting with “Y” Ivory Coast
60%
Only country to have an AK-47 in its flag Mozambique
55%
Poorest country in the world Burundi
50%
Country to have its capital having the same last 3 letters as its country name Iran
50%
No matching quizzes found
Score Distribution
Percent of People with Each Score
Percentile by Number Answered
Your Score History
You have not taken this quiz